000 004530000a22001690004500
003 MACL
005 20151230114325.0
008 151230b xxu||||| |||| 00| 0 eng d
040 _aMACL
_cMACL
041 _aEnglish
082 _a204/LAT
100 _aLathbury, D C
_924572
245 _aCorrespondence on Church and Religion of William Ewart Gladstone
_bvol 1
260 _bJohn Murray
_c1910
650 _aReligion
_924573
942 _cBK
_k204/LAT
_2ddc
999 _c37771
_d37771